000 01285nam a2200385 i 4500
001 194093
003 ES-MaACL
005 20240412063012.0
007 ta
008 240410s1999 ag 000 spa d
020 _a9509314951
035 _aRebiun03053605
040 _aSpMaUCBB
_bspa
_cES-MaACL
080 _a792:572
080 _a572:792
100 0 _aGarcía y Barbarín, Eugenio
_955425
245 1 3 _aLa canoa de papel :
_btratado de antropología teatral /
_cEugenio Barba ; traducción, Rina Skeel.
250 _a2a ed. argentina
260 _aBuenos Aires :
_bCatálogos,
_c1999
300 _a266 p. ;
_c23 cm
336 _2rdacontent
_atexto
337 _2rdamedia
_asin mediación
338 _2rdacarrier
_avolumen
490 1 _aColección "Cuerpo-Mente"
504 _aReferencias bibliográficas
504 _aÍndices
650 0 _9235734
_aTeatro
_xAspectos antropológicos
830 _a"Cuerpo-Mente"
_9235735
852 _aES-MaACL
_cDEPO2
_jA-15323
_hDonación: Candela Arroyo
_9201616
903 _9235711
_aArroyo, Candela
_ednr
942 _n0
_cMONOGRAFIA
999 _c194093
_d194093